000
00316nam a22001337a 4500
008
210527b ||||| |||| 00| 0 eng d
041
_a
eng
080
_a
591
082
_a
591
100
_a
7
101
_a
ZOO
245
_a
Desert Animals Physiological Problems of Heat and Water
_c
Neilsen,K.S
942
_2
udc
_c
BK
999
_c
57696
_d
57696